<?xml version="1.0" encoding="UTF-8"?><?xml-stylesheet type="text/xsl" href="static/style.xsl"?><OAI-PMH xmlns="http://www.openarchives.org/OAI/2.0/" xmlns:xsi="http://www.w3.org/2001/XMLSchema-instance" xsi:schemaLocation="http://www.openarchives.org/OAI/2.0/ http://www.openarchives.org/OAI/2.0/OAI-PMH.xsd"><responseDate>2026-06-05T15:52:16Z</responseDate><request verb="GetRecord" identifier="oai:riuma.uma.es:10630/44828" metadataPrefix="marc">https://riuma.uma.es/rest/oai/request</request><GetRecord><record><header><identifier>oai:riuma.uma.es:10630/44828</identifier><datestamp>2026-01-25T00:46:05Z</datestamp><setSpec>com_10630_2254</setSpec><setSpec>col_10630_37956</setSpec></header><metadata><record xmlns="http://www.loc.gov/MARC21/slim" xmlns:dcterms="http://purl.org/dc/terms/" xmlns:doc="http://www.lyncode.com/xoai" xmlns:xsi="http://www.w3.org/2001/XMLSchema-instance" xsi:schemaLocation="http://www.loc.gov/MARC21/slim http://www.loc.gov/standards/marcxml/schema/MARC21slim.xsd">
   <leader>00925njm 22002777a 4500</leader>
   <datafield ind2=" " ind1=" " tag="042">
      <subfield code="a">dc</subfield>
   </datafield>
   <datafield ind2=" " ind1=" " tag="720">
      <subfield code="a">Hinojosa-Torralvo, Juan José</subfield>
      <subfield code="e">author</subfield>
   </datafield>
   <datafield ind2=" " ind1=" " tag="260">
      <subfield code="c">2017</subfield>
   </datafield>
   <datafield ind2=" " ind1=" " tag="520">
      <subfield code="a">Estos Estudios reunidos bajo la rúbrica de Reflexiones jurídicas sobre
problemas actuales no son mas que una recopilación de trabajos realizados
por los profesores de la Facultad de Derecho de Málaga en recuerdo y
homenaje a la Dra. Itziar Giménez Sánchez profesora Titular de Derecho
Procesal. La pluralidad de materias sobre las que han trabajado los diferentes
profesores permite ofrecer un abanico amplio de los problemas jurídicos
más actuales y más relevantes sobre los que sus autores aportan opiniones y
las conclusiones mas adecuadas para el planteamiento, debate y conclusión
del problema. Es, como siempre que hay un foro horizontal, un foro de
debate al que el lector se acerca en busca de criterios o de soluciones. La
consulta, el análisis y los debates que de él puedan surgir será el fruto de la
curiosidad, o lo que es lo mismo, el fruto de la investigación porque como
sabemos, no hay nadie mas curioso que un investigador.</subfield>
   </datafield>
   <datafield ind1="8" ind2=" " tag="024">
      <subfield code="a">Juan José Hinojosa Torralvo, «La incidencia de la jurisprudencia y la política comunitarias en la fiscalidad de la economía social», en Juan Antonio Robles Garzón (dir.), Reflexiones jurídicas sobre cuestiones actuales, Thomson Reuters Aranzadi, 2017, cap. 22 (págs. 543-564)</subfield>
   </datafield>
   <datafield ind1="8" ind2=" " tag="024">
      <subfield code="a">https://hdl.handle.net/10630/44828</subfield>
   </datafield>
   <datafield tag="653" ind2=" " ind1=" ">
      <subfield code="a">Derecho fiscal</subfield>
   </datafield>
   <datafield ind2="0" ind1="0" tag="245">
      <subfield code="a">La incidencia de la jurisprudencia y la política comunitarias en la fiscalidad de la economía social.</subfield>
   </datafield>
</record>
</metadata></record></GetRecord></OAI-PMH>